MDQL
is popping MORE tags! Check the
thread
!
Quizzes
Events
Quiz Creation
Community
Videos
Private Events
Remove Ads
Sign In
Join for FREE
Feedback
Dark Mode
Quiz Categories
Sports
Geography
Music
Movies
Television
Just For Fun
Miscellaneous
History
Literature
Language
Science
Gaming
Entertainment
Religion
Holiday
For Kids
Quiz Lab
Recent
Popular Today
Quiz Kudos Today
Editor Picks
Curator Picks
Quizzes by...
Day
Popularity
Type
Ratings
Length
Year
Community
Subscriptions
Recent Discussions
Orange Saloon
Badges
Playlists
Quests
Create
Leaderboards
Showdown
Live 5
Trivia Bingo
Activity
Puzzle Library
Sporcle Events
Private Events
Virtual Trivia
Globe League
Become a Host
Pub Owners
SporcleCon
Opinionation
Our Games
Videos
Blog
Mobile Apps
Partnerships
Remove Ads and Go Orange
Feedback
Sports
Athletes
MLB
NBA
NHL
NFL
Soccer
Sports Teams
WWE
NCAA
Football
Premier League
Basketball
Baseball
Hockey
Golf
Tennis
Cricket
Rugby
Auto Racing
Olympics
World Cup
Sports
Athletes
MLB
NBA
NHL
NFL
Soccer
Sports Teams
WWE
NCAA
Football
Premier League
Basketball
Baseball
Hockey
Golf
Tennis
Cricket
Rugby
Auto Racing
Olympics
World Cup
Random Quiz
Search Sporcle
×
Quiz Lab
Quiz Lab
Sports
Poker
Type in answers that appear in a list
Type in answers that appear in a list
Classic
Best Score? Go Orange.
Hellmuth Cash WSOP Winners Stats
Can You Name the Winners of the WSOP Tournaments that Phil Hellmuth has Cashed In?
By
RDT
10m
100 Questions
41 Plays
41 Plays
41 Plays
Comments
Comments
Give Quiz Kudos
Give Quiz Kudos
-
- Ratings
hide this ad
Replay
Link that replays current quiz
Next Quiz
Link to next quiz in quiz playlist
You Got
0%
They Got
Avg Score
24%
Avg Friend Score
Upgrade to see
Score Distribution
Jump to the score distribution portion of the page
Score
0/100
Timer
10:00
0
Plays Today
WSOP Year
Player
% Correct
1988 WSOP
Johnny Chan
85.4%
2002 WSOP
Johnny Chan
85.4%
2000 WSOP
Phil Ivey
78%
2003 WSOP
Doyle Brunson
78%
2005 WSOP
Phil Ivey
78%
1989 WSOP
Phil Hellmuth
70.7%
1992 WSOP
Phil Hellmuth
70.7%
1993 WSOP
Phil Hellmuth
70.7%
1993 WSOP
Phil Hellmuth
70.7%
1993 WSOP
Phil Hellmuth
70.7%
1997 WSOP
Phil Hellmuth
70.7%
2001 WSOP
Phil Hellmuth
70.7%
2003 WSOP
Phil Hellmuth
70.7%
2003 WSOP
Phil Hellmuth
70.7%
2006 WSOP
Phil Hellmuth
70.7%
2007 WSOP
Phil Hellmuth
70.7%
2012 WSOP
Phil Hellmuth
70.7%
2012 WSOPE
Phil Hellmuth
70.7%
1996 WSOP
Men Nguyen
56.1%
2001 WSOP
Scotty Nguyen
56.1%
2001 WSOP
Scotty Nguyen
56.1%
2003 WSOP
Chris Moneymaker
56.1%
2004 WSOP
Antonio Esfandiari
53.7%
2012 WSOP
Antonio Esfandiari
53.7%
1997 WSOP
Stu Ungar
51.2%
2009 WSOP
Joe Cada
51.2%
2008 WSOP
Peter Eastgate
48.8%
2001 WSOP
Carlos Mortensen
46.3%
1992 WSOP
Erik Seidel
41.5%
2004 WSOP
Annie Duke
36.6%
2011 WSOP
Brian Rast
36.6%
2011 WSOP
John Juanda
31.7%
2005 WSOP
Barry Greenstein
24.4%
2005 WSOP
Allen Cunningham
22%
WSOP Year
Player
% Correct
1993 WSOP
Billy Baxter
19.5%
2008 WSOP
Phil Galfond
14.6%
1998 WSOP
Chau Giang
12.2%
2001 WSOP
Barry Shulman
12.2%
2006 WSOP
Bill Chen
12.2%
2009 WSOP
Eric Baldwin
12.2%
1990 WSOP
Allen Baker
9.8%
2002 WSOP
John Cernuto
9.8%
2004 WSOP
Gavin Griffin
9.8%
2006 WSOP
Jeff Madsen
9.8%
2011 WSOP
Kenneth Griffin
9.8%
2012 WSOP
David Bakes Baker
9.8%
2013 WSOP
Jeff Madsen
9.8%
1992 WSOP
Mickey Appleman
7.3%
1998 WSOP
Donnacha O'Dea
7.3%
2003 WSOP
Thomas Jacobs
7.3%
2006 WSOP
Brandon Cantu
7.3%
2007 WSOP
Shankar Pillai
7.3%
2009 WSOP
Brandon Cantu
7.3%
2010 WSOP
Pascal LeFrancois
7.3%
2010 WSOP
Daniel Alaei
7.3%
1988 WSOP
Lance Hilt
4.9%
1989 WSOP
Frank Henderson
4.9%
1989 WSOP
Harry Madoff
4.9%
1992 WSOP
Lance Straughn
4.9%
1992 WSOP
Ken Duggan
4.9%
1994 WSOP
George Rodis
4.9%
1999 WSOP
Eric Holum
4.9%
1999 WSOP
Steve Badger
4.9%
2000 WSOP
James Athanas
4.9%
2001 WSOP
Jim Lester
4.9%
2001 WSOP
Cliff Yamagawa
4.9%
2003 WSOP
Eddy Scharf
4.9%
2004 WSOP
Curtis Bibb
4.9%
WSOP Year
Player
% Correct
2004 WSOP
Eli Balas
4.9%
2005 WSOP
Eric Froehlich
4.9%
2006 WSOP
Jeff Cabanillas
4.9%
2006 WSOP
Scott Clements
4.9%
2006 WSOP
Paul Kobel
4.9%
2006 WSOP
Anders Henriksson
4.9%
2007 WSOP
William Durkee
4.9%
2007 WSOP
Alexander Borteh
4.9%
2007 WSOP
William Elder
4.9%
2007 WSOP
Michael Graves
4.9%
2008 WSOP
Jose-Luis Velador
4.9%
2008 WSOP
Ryan Hughes
4.9%
2008 WSOP
James Schaaf
4.9%
2008 WSOPE
Sherkhan Farnood
4.9%
2009 WSOP
Anthony Harb
4.9%
2009 WSOP
Marc Naalden
4.9%
2009 WSOP
Matt Hawrilenko
4.9%
2010 WSOP
Jason DeWitt
4.9%
2010 WSOP
Steve Jelinek
4.9%
2011 WSOP
Eric Rodawig
4.9%
2011 WSOP
Matt Jarvis
4.9%
2011 WSOPE
Guillaume Humbert
4.9%
2012 WSOP
Brent Hanks
4.9%
2012 WSOP
Herbert Tapscott
4.9%
2012 WSOP
Adam Friedman
4.9%
2012 WSOPE
Imed Ben Mahmoud
4.9%
2012 WSOPE
Giovanni Rosadoni
4.9%
2012 WSOPE
Jonathan Aguiar
4.9%
2013 WSOPA
Bryan Piccoli
4.9%
2013 WSOP
Mark Radoja
4.9%
2013 WSOP
Daniel Idema
4.9%
2013 WSOPE
Roger Hairabedian
4.9%
Quiz Playlist
Details
Report
Send in Message
Add To Playlist
Classic:
Type in answers that appear in a list
Quiz Source
Last Updated: Feb 16, 2017
Quiz Scoreboard
CHALLENGE
Sign Up to Join the Scoreboard
Show All
Scores
Hide
Comments
May contain spoilers
Recently Published
Colored Red Africa Blitz
by spor1
Geography
30s
Find the 'City' Movie
by crazypaving
Movies
60s
5x2 Blitz: Bands
by SL_Kpop136
Music
30s
More to Explore
Quiz From the Vault
Featured Blog Post
14 Easter Pick-up Lines to Find Eggs With
hide this ad
You Might Also Like...
Tags
Poker
Poker Hall of Fame
WSOP
WSOP Bracelets
WSOP Main
Today's Top Quizzes in Sports
Browse Sports
hide this ad
Today's Top Quizzes in Poker
Browse Poker
Top Contributed Quizzes in Sports
1
Players with Multiple 50 Home Run Seasons
2
Les entraîneurs de l'OM et du PSG au 21e siècle
3
Criteria MLB: Left Handed Sluggers
4
2022 World Cup Stars
5
Les meilleurs buteurs des matchs entre le PSG et l’OM
6
Who Hit More Homers?
7
Les joueurs passés par le PSG et l'OM
8
NBA Logic Puzzle 2.0
9
Top 10 NHL Goal Scorers of All Time
10
MLB Players with Two .350 Batting Average Seasons
Explore More
Trending Topics
NBA
Marvel
Anime
Kpop
Disney
Harry Potter
Crossword
Puzzle
Country
Song
The Office
WWE
Pokémon
NFL
Soccer
hide this ad
More By:
RDT
Quiz
Plays
Rating
Category
Featured
Created
NBA Bill Simmons Top 10 Trade Value
136,006
4.17
Sports
Feb 27, 2010
SummerSlam World Title Matches
44,806
4.45
Sports
Nov 12, 2012
All NBA Defensive Team Minefield
11,703
2.88
Sports
Jul 5, 2013
NBA Bill Simmons Top 20 Trade Value
6,097
4.57
Sports
Jun 30, 2013
Last WWE PPV Match Winners
5,485
4.70
Sports
Sep 8, 2013
Go to Creator's Profile
Score Distribution
Quiz Creator Spotlight
RDT
Follow
Send a Message
Quizzes Created
-
Created Quiz Play Count
-
More By This Creator
Popular Quizzes Today
1
Colored Red Africa Blitz
2
Find the 'City' Movie
3
Find the US States - No Outlines Minefield
4
5x2 Blitz: Bands
5
The Countries of the World
6
Find the US States
7
US States
8
9x9 Crossword: Cartoon Network
More Sports Quizzes
Team in Common
Published
Trending Quizzes
Colored Red Europe Blitz I
Colored Red Europe Blitz II
Colored Red Africa Blitz II
Colored Red Africa Blitz III
Colored Red Europe Blitz III
Recently Updated
Godzilla Movies
pecheneg
Grab Bag: 4-10 Letters
pecheneg
2024 March Madness Bracket
pecheneg
Famous TV Couples
Peacemaker
Champions League XIs: Real Madrid
pecheneg
Largest US Cities 1790-2010
pecheneg
Rides in Walt Disney World
pecheneg
Most Oscar Losses (Acting)
pecheneg
Beyoncé Albums
pecheneg
Leaping Animals
pecheneg
Trending Topics
Crossword
Harry Potter
Kpop
Marvel
NBA
Disney
Anime
Soccer
Song
The Office
Country
WWE
Puzzle
Pokémon
NFL
Your Account Isn't Verified!
In order to create a playlist on Sporcle, you need to verify the email address you used during registration. Go to your
Sporcle Settings
to finish the process.
Report this User
Report this user for behavior that violates our
Community Guidelines
.
Details:
Send Report
Go to the Sporcle.com Mobile Site →
Comments